000 01025nam a22003137a 4500
003 CHAP
005 20220329135350.0
008 971013s1982 r 00010 d
010 _a35119
011 _a36091
035 _a40210
040 _cCHAP
090 _aFolleto 7356
100 0 0 _aOomen, P. A.
_983348
245 _aStudies on population dynamics of the scarlet mite, Brevipalpus phoenicis, a pest of tea in Indonesia
260 _aWageningen :
_bVeeman and Zone,
_c1982
300 _a88 p.
_b: ilus.
490 _aMededelingen Landbouwhogeschool
_v; 82-1
590 _aBATCH-UPD
_b10
_c20130110
_lUCH01
_h2117
590 _aBATCH-UPD
_b10
_c20130410
_lUCH01
_h1428
590 _aBATCH-UPD
_b10
_c20130914
_lUCH01
_h0750
590 _aCONVERSION
_b10
_c20130109
_lUCH01
_h1320
650 1 4 _aBrevipalpus phoenicis.
_915282
650 1 4 _a
_xPlagas.
_9113521
830 0 _aMededelingen Landbouwhogeschool
_v; 82-1
_973858
901 _aBK
942 _cFOLL
949 _aFolleto 7356
_bBC
_cFOLL
_d-91812
_eTS1
_i40210
_si
999 _c35119
_d35119